Cryptic Hint & Word Scramble - Capitals #2 - Statistics

General Stats
  • This quiz has been taken 497 times
  • The average score is 12 of 15
Answer Stats
Vague hint Capital Explanation of the vague hint % Correct
cautIon: thIs is not a pickLe ingreDient! Dili The words Dili and dill look very similar, the latter being a pickle ingredient.
98%
tAke a looK at aBsheron peninsUla Baku Baku lies on the Absheron Peninsula.
97%
proviDed thAt you Are in the old woRld, Keep to the west Dakar Dakar is the westernmost place on Afro-Eurasia.
88%
by cutTing up the oxhIde into stripS, dido coUld eNcircle a hill Tunis Legend has it, that it was Queen Dido who founded the city of Carthage which was located near modern-day Tunis. And she did so, by asking for as much land, as she could encompass with an oxhide, which was granted to her.
88%
jingjInji is madE up of heBei, tianJin aNd thIs meGacity Beijing The Jingjinji megalopolis is made up of the province Hebei and the municipalities of Beijing and Tianjin.
87%
"stateLy, plUmp Buck mulligaN came from the staIrheaD" Dublin This is the beginning of the first sentence of 'Ulysses' by James Joyce, which is set in Dublin.
85%
¡dAme un H. upmaNn por faVor! ¿qué vitolA de gAlera quieres? Havana Here someone is ordering an H. Upmann cigar. They are then asked which size and shape (vitola de galera) they would like.
85%
if farO is san diego aNd setúBal is Long beach, thIs is san franciSco Lisbon Upon drawing parallels between Portugal and California, we might define Portugal's San Francisco as Lisbon, because both lie on bays that are halfway along the coast.
82%
a Genus Of this mammal thaT lives in mArshes, cOuld Be called this Bogotá Should there be a genus of Otter that lives in bogs, one might call it a bog otter, of that ilk almost homonym to Bogotá.
81%
no oTher capitAl has chAnged itS nAme more ofteN Astana Known as Akmola, Akmolinsk, Tselinograd, Akmola, Astana, Nur-Sultan and Astana in that order; as of 2022, this capital has changed names more often than any other.
77%
thrOugh an assAssinAtion gaVrilo pRincip startEd the July criSis Sarajevo Archduke Franz Ferdinand was assassinated by Gavrilo Princip in Sarajevo. That led to July Crisis which marked the beginning of WWI.
72%
the ____ iN tHe willoWs anD a remarKable rIff fOr examplE Windhoek "The Wind in the Willows" is a famous children's novel and a memorable riff could serve as a song's hook, which (in American English) is homonymous to 'hoek' in Windhoek.
67%
the lAst regiciDe - wheN a King is mUrdered - wAs coMmitTed Here Kathmandu In 2001 Crown Prince Dipendra killed his father King Birendra of Nepal.
56%
Le corBusier's student fIguratIvely craShed An aeroplAne heRe Brasília Lúcio Costa, a student of Le Corbusier, designed the plan for the construction of Brasília, which has a cunning resemblance of a plane from above.
53%
andRianjAka fOunded iT on anAlamaNga aNd andrIamAsinaValoNa nAmed it Antananarivo King Andrianjaka founded Antananarivo as Analamanga on the hill Analamanga. Later King Andriamasinavalona renamed it Antanananarivo in honour of Andrianjaka's army. Here are two more long words starting with 'A' that are related to Antananarivo: Andafiavaratra and Ambohitsorohitra
50%
No matching quizzes found
Score Distribution
Percent of People with Each Score
Percentile by Number Answered
Your Score History
You have not taken this quiz